000 00466nam a22001577a 4500
005 20240823092357.0
008 240823b |||||||| |||| 00| 0 eng d
041 _aEnglish/Afrikaans
082 _a349 LAW
100 _lEnglish/Afrikaans
245 _aThe Laws of South West Africa 1976
260 _aWindhoek:
_bBy Authority,
_c1976
300 _bxxxvii, 271 pages;
_c33 cm.
650 _aLegal practice
_bLaw
942 _cBK
_6ALISON_BN_VRIES
999 _c2830
_d2830